000 00248nam a22001097a 4500
003 SGT
022 _a1381-3455
245 _aARCHIVES OF PHYSIOLOGY AND BIOCHEMISTRY
260 _aGERMANY
_bTAYLOR & FRANCIS
_c2015
310 _aYEARLY
942 _2ddc
_cLJ
999 _c8248
_d8248